000 01678cam a2200373 a 4500
001 3390
003 FISKH
005 20240301115621.0
008 100614s2011 maua b 001 0 eng
010 _a 2010024950
015 _aGBB0A1979
_2bnb
016 7 _a015635305
_2Uk
020 _a9781591399230 (hbk. : alk. paper)
020 _a1591399238 (hbk. : alk. paper)
035 _a(OCoLC)ocn610849562
040 _aDLC
_cDLC
_dYDX
_dBTCTA
_dUKM
_dYDXCP
_dB2A
_dCDX
_dORX
_dEINCP
_dBWX
_dVP@
_dDLC
_beng
050 0 0 _aHF5549.5.M63
_bH345 2011
082 0 0 _a658.3/14
_222
100 1 _aHallowell, Edward M.
245 1 0 _aShine :
_busing brain science to get the best from your people /
_cEdward M. Hallowell.
260 _aBoston :
_bHarvard Business Review Press,
_c2011.
300 _a197 pages :
_billustrations ;
_c25 cm
504 _aIncludes bibliographical references and index.
505 0 _aIntroduction: brain science, peak performance, and finding the shine -- Five steps to peak performance -- Select -- Connect -- Play -- Grapple and grow -- Shine -- The cycle of excellence.
520 _aCreating that spark and inspiring someone to perform at their highest levels isn't rocket science; but it is brain science. Drawing from his expertise helping people reach their full potential and synthesizing the latest research, Hallowell offers managers a five-step process that leads to peak performance.
650 0 _aEmployee motivation.
650 0 _aJob satisfaction.
650 0 _aPerformance.
650 0 _aManagement.
650 0 _aInterpersonal relations.
906 _a7
_bcbc
_corignew
_d1
_eecip
_f20
_gy-gencatlg
942 _2ddc
_cBK
_n0
999 _c3390
_d3390